000 nam a22 a 4500
999 _c2737
_d2737
003 AKMAL
005 20170517160338.0
008 170517r20041999my a e 00 0 may d
020 _a9831240235 (kkt.) :
_cRM5.50
039 9 _a201005031039
_bjalil
_c201004301644
_djudy
_c200904141138
_dkik3856
_c200803111331
_drfid1
040 _aAKMAL
_cAKMAL
049 _aklpmal
082 0 4 _a641.59595 ANE
_222
090 0 0 _a641.59595
_bANE
090 2 0 _a641.59595
_bANE
245 0 0 _aAneka bubur & pengat /
_c[selenggaraan Sa'adiah Mohamad]
246 3 _aAneka bubur dan pengat
260 _aShah Alam :
_bAlaf 21 ,
_c2004
300 _a44ms. :
_bil. wrn. ;
_c26cm.
650 1 0 _aCooking, Malaysian
_95608
650 2 0 _aPorridge
_95776
650 2 0 _aCookery (Cereals)
_95777
700 0 _aSa'adiah Mohamad
_95609
856 4 _uhttp://www.pelangibooks.com/module/item/itemDetails.aspx?prodId=ALAFREC005
_yKulit Depan & Ringkasan
942 _2ddc
_cBOOK